Kvalitatívna a kvantitatívna bezpečnostná analýza v mechatronických systémoch

Salvato in:
Dettagli Bibliografici
Autore principale: Beňušková, Michaela (Autore)
Altri autori: Rosinová, Danica (Relatore della tesi)
Natura: Manoscritto Libro
Lingua:slovacco
Pubblicazione: Bratislava : STU v Bratislave FEI, 2022
Soggetti:
Accesso online:https://opac.crzp.sk/?fn=detailBiblioForm&sid=7E432E204D1F6C329D5F883802D8&seo=CRZP-detail-kniha
Tags: Aggiungi Tag
Nessun Tag, puoi essere il primo ad aggiungerne!!

MARC

LEADER 00000ntm a22000003a 4500
001 stuzp85929
003 SK-STU
005 20221205112021.4
007 ta
008 150427s2015----xo-----f-mn---000-0-slo-d
040 |a STU  |b slo 
041 0 |a slo 
044 |a xo 
100 1 |a Beňušková, Michaela  |u 030400  |4 aut  |U FEI Fakulta elektrotechniky a informatiky  |T FEI Ústav automobilovej mechatroniky  |X 92420  |U E400  |Y 642  |7 92420 
242 0 1 |a Qualitative and quantitative safety analysis in mechatronic systems  |y eng 
245 1 0 |a Kvalitatívna a kvantitatívna bezpečnostná analýza v mechatronických systémoch 
260 |a Bratislava :  |b STU v Bratislave FEI,  |c 2022 
300 |a 69 s., príl. 
650 4 |a kvalitatívna bezpečnostná analýza  |2 slo 
650 4 |a kvantitívna bezpečnostná analýza  |2 slo 
650 4 |a funkčná bezpečnosť  |2 slo 
650 4 |a V-model  |2 slo 
650 4 |a štandard ISO 26262  |2 slo 
650 4 |a FMEA  |2 slo 
650 4 |a FMEDA  |2 slo 
650 4 |a qualitative safety analysis  |2 eng 
650 4 |a quantitative safety analysis  |2 eng 
650 4 |a functional safety  |2 eng 
650 4 |a V-model  |2 eng 
650 4 |a standard ISO 26262  |2 eng 
650 4 |a FMEA  |2 eng 
650 4 |a FMEDA  |2 eng 
700 1 |a Rosinová, Danica  |u 030400  |k Z1  |4 ths  |U FEI Fakulta elektrotechniky a informatiky  |T FEI Ústav automobilovej mechatroniky  |X 4938  |U E400  |Y 642  |7 A000004938 
856 4 |u https://opac.crzp.sk/?fn=detailBiblioForm&sid=7E432E204D1F6C329D5F883802D8&seo=CRZP-detail-kniha